Statystyki dla Największe aglomeracje w Mołdawii

Kliknij tutaj aby rozwiązać quiz!

Ogólne statystyki

  • Ten quiz został rozwiązany 50 razy
  • Średni wynik to 3 z 5

Statystyki odpowiedzi

MiejsceMieszkańcyNazwa% Poprawnych
1.674 500Aglomeracja Kiszyniowska
100%
2.159 163Aglomeracja Tyraspolska
78%
3.149 800Aglomeracja Bielecka
49%
4.92 383Aglomeracja Benderska
24%
5.48 457Aglomeracja Rybnicka
11%

Rozkład punktacji

Percentyl według liczby udzielonych odpowiedzi

Procent ludzi z każdym wynikiem

Twoja historia wyników

Nie rozwiązałeś tego quizu